000 00844nam a2200217 i 4500
001 70473
003 ES-MaACL
005 20250811063138.0
007 t|
008 040726s1975 sp ||||1| spa d
100 1 _aValdeavellano, Luis G. de,
_d1904-1985
_9163968
245 1 3 _aEl mercado
_b: apuntes para su estudio en León y Castilla durante la Edad Media /
_cLuis García de Valdeavellano.
250 _a2ª ed., corr. y puesta al día.
260 _aSevilla :
_bUniversidad de Sevilla,
_c[1975]
300 _a222 p. ;
_c19 cm.
490 1 _aPublicaciones de la Universidad de Sevilla. Colección de Bolsillo ;
_v38
650 4 _aComercio-
_yS.V-XV.
_9163972
830 0 _aPublicaciones de la Universidad de Sevilla. Colección de Bolsillo ;
_v38
_9187023
852 _aES-MaACL
_jE-7907
_bR.92234
999 _c70473
_d70473